Uzniki kommunizma.

Saved in:
Bibliographic Details
Main Author: Petrus, K.
Format: Book
Language:Russian
Published: n.p., 1953.
Subjects:
LEADER 00714nam a22002051 4500
001 c000210878
003 CARM
005 20021125002200.0
008 870210s1953 xx 0 rus d
019 1 |a 5526787  |z 5232323  |5 LACONCORD2021 
035 |a (OCoLC)34261129  |5 LACONCORD2021 
100 1 |a Petrus, K. 
245 1 0 |a Uzniki kommunizma. 
260 |a n.p.,  |c 1953. 
650 0 |a Political prisoners  |z Soviet Union. 
650 0 |a Convict labour  |z Soviet Union. 
852 8 |b CARM  |h A2:AO37A0  |i B06503  |p 0300587  |f BK 
082 0 4 |a 365.40947 
999 f f |i 8bcc551f-fd0d-550c-bf84-7fc6b6713c77  |s d6ba4029-741f-57a0-9d83-4d5c38a70544 
952 f f |p Can circulate  |a CAVAL  |b CAVAL  |c CAVAL  |d CARM 1 Store  |e B06503  |f A2:AO37A0  |h Other scheme  |i book  |m 0300587